01701nam a2200397Ia 4500008004100000040001800041041000800059100002500067245005500092260004200147300001800189490008800207504002700295650003100322650002300353650003400376650003600410650002600446650003500472650001500507650001500522650001300537700002000550700002000570700001900590700001700609700001800626700002300644710004200667740004600709740008700755740007200842740004800914740015500962740018601117130821s1934 ne gr fre  aCo-BoUCMbspa00afre1 aBrouckere, Louis De.13aLa prévention de la guerrecLouis De Brouckére aLeiden (Holanda)bA. W. Sijhoffc1934 a862 páginas 0aRecueil des Cours.v50aCollected Courses of the Hague Academy of International Law aIncluye bibliografía04aConflictos internacionales04aDerecho de familia04aDerecho internacional privado04aDerecho internacional público04aDerecho internacional04aGuerra (Derecho internacional)04aParentesco04aPasaportes04aTratados12aBeckett, W.-E.12aGardot, André12aKraus, Herbert12aRaape, Léo12aReale, Egidio12aVeiga-Simöes, A.2 aAcadémie de Droit International Law02aGrise et intervention /A. Veiga-Simöes.02a'Jean Bodin. Sa place parmi les fondateurs du droit international /André Gardot.02aSystème et fonctions des traités internationaux /Herbert Kraus.32aLe problème des passeports /Egidio Reale.42aLes questions d'intéret général au point de vue juridique dans la jurisprudence de la Cour permanente de justice internationale, W.-E. Beckett.42aLes rapports juridiques entre parents et enfants comme point de départ d'une explication pratique d'anciens et de nouveaux problèmes du droit international privé /Léo Raape.